Administración de Empresas Públicas (Registro nro. 4222)

Detalles MARC
000 -LEADER
fixed length control field 00743 a2200217 4500
001 - CONTROL NUMBER
control field 46653
005 - DATE AND TIME OF LATEST TRANSACTION
control field 20260407155737.0
008 - FIXED-LENGTH DATA ELEMENTS--GENERAL INFORMATION
fixed length control field 260407a1979 arg spa d
003 - CONTROL NUMBER IDENTIFIER
control field AR-UNSa-BCEJYS
040 ## - CATALOGING SOURCE
Original cataloging agency AR-UNSa-BCEJYS
Language of cataloging spa
Transcribing agency AR-UNSa-BCEJYS
080 ## - UNIVERSAL DECIMAL CLASSIFICATION NUMBER
Universal Decimal Classification number 658.115
Common auxiliary subdivision Empresas públicas, estatales y nacionalizadas (Economía)
100 1# - MAIN ENTRY--PERSONAL NAME
Personal name Escuela Interamericana de Administración Pública
245 10 - TITLE STATEMENT
Title Administración de Empresas Públicas
Name of part/section of a work Indicador Bibliográfico
264 #1 - PRODUCTION, PUBLICATION, DISTRIBUTION, MANUFACTURE, AND COPYRIGHT NOTICE
Place of production, publication, distribution, manufacture México :
Name of producer, publisher, distributor, manufacturer Limusa
Date of production, publication, distribution, manufacture, or copyright notice 1979
300 ## - PHYSICAL DESCRIPTION
Extent 106 p.
Dimensions 23 cm.
505 ## - FORMATTED CONTENTS NOTE
Formatted contents note VOL. III : Bibliografía.
590 ## - LOCAL NOTE (RLIN)
Local note niveau_biblio:m niveau_hierar:0
700 1# - ADDED ENTRY--PERSONAL NAME
Personal name Banco Interamericano de Desarrollo (BID)
700 1# - ADDED ENTRY--PERSONAL NAME
Personal name Fundación Getulio Vargas
942 ## - ADDED ENTRY ELEMENTS (KOHA)
Koha item type
Existencias
Withdrawn status Lost status Damaged status Not for loan Home library Current library Shelving location Date acquired Total checkouts Full call number Barcode Date last seen Price effective from Koha item type
        Biblioteca Prof. Eusebio Cleto del Rey Biblioteca Prof. Eusebio Cleto del Rey   07/04/2026   658.115 B213 v.3 L39068 07/04/2026 07/04/2026 Libro
        Biblioteca Prof. Eusebio Cleto del Rey Biblioteca Prof. Eusebio Cleto del Rey   07/04/2026   658.115 B213 v.3 L39883 07/04/2026 07/04/2026 Libro
        Biblioteca Prof. Eusebio Cleto del Rey Biblioteca Prof. Eusebio Cleto del Rey   07/04/2026   658.115 B213 v.3 L39884 07/04/2026 07/04/2026 Libro